Beach Boys Albums - Sudden Death - Statistics

General Stats
  • This quiz has been taken 94 times
  • The average score is 12 of 16
Answers on the Grid
Answers color-coded by a green-red scale on the quiz's grid according to % correct below.
Pet Sounds
Highway 61 Revisited
Odessey and Oracle
Surfer Girl
Surfin' Safari
Astral Weeks
Friends
White Light/White Heat
Smiley Smile
Five Leaves Left
Summer in Paradise
Surf's Up
Forever Changes
Holland
Still Cruisin'
Wild Honey
Some Girls
Sunflower
A Love Supreme
That's Why God Made the Radio
Everybody Knows This Is Nowhere
Bookends
Days of Future Passed
M.I.U. Album
Tommy
Rubber Soul
Face to Face
All Summer Long
15 Big Ones
Songs in the Key of Life
Shut Down Volume 2
All Things Must Pass
 
Answer Stats
Answer % Correct
Pet Sounds
95%
Surfin' Safari
92%
Surf's Up
81%
Smiley Smile
79%
Surfer Girl
78%
All Summer Long
76%
Still Cruisin'
76%
Sunflower
68%
Wild Honey
68%
Summer in Paradise
67%
That's Why God Made the Radio
65%
15 Big Ones
63%
Holland
63%
Shut Down Volume 2
63%
Friends
59%
M.I.U. Album
56%
No matching quizzes found
Score Distribution
Percent of People with Each Score
Percentile by Number Answered
Your Score History
You have not taken this quiz